| 000 | 00692nam a22002177a 4500 | ||
|---|---|---|---|
| 003 | OSt | ||
| 005 | 20131209181237.0 | ||
| 008 | 130508s2000 sp ||||| |||| 00| 0 spa d | ||
| 020 | _a8449308925 | ||
| 040 |
_cCDMR _bcat |
||
| 100 | 1 |
_9379 _aMattelart, Armand |
|
| 245 | 1 | 0 |
_aHistoria de la utopía planetaria _b: de la ciudad profética a la sociedad global _cArmand Mattelart ; traducción de Gilles Multigner |
| 260 |
_aBarcelona _bPaidós _cDL 2000 |
||
| 300 | _a446 p. | ||
| 490 | 0 |
_aPaidós Transiciones _v22 |
|
| 650 | 0 | 4 |
_91574 _aLlibertat d'informació |
| 650 | 0 | 4 |
_93350 _aGlobalització |
| 650 | 0 | 4 |
_94485 _aCivilització moderna |
| 650 | 0 | 4 |
_94072 _aHistòria social |
| 942 |
_2udc _cMON |
||
| 999 |
_c6191 _d6191 |
||